00553nam a2200157 i 450000100060000000300090000600500170001500700030003200800410003524500170007626000960009330000310018985200320022099900170025295201260026956622ES-MaACL20230906163419.0t|031010s1959 dk ||||1| spa d00aDinamarca... aCopenhague : bMinisterio de Relaciones Exteriores, c1959 (eBerlingske : fBoktryckeriet) a440 p. : bmap. ; c19 cm. aES-MaACLjC-16317 bR.44501 c56622d56622 00104070aATENEOMbATENEOMcGaleríad2008-01-17eSCl0oC-16317p1059463r2023-02-23 00:00:00w2023-02-23yMONOGRAFIA